01143nam a2200301 i 4500001001000000003000900010005001700019007000300036008004100039040003000080041000800110082003300118110003300151240002600184245009800210264006000308300002700368336002800395337003500423338003000458590002700488651005600515651005700571910003700628942001400665952014500679999001700824000032024DO-SdBNP20250729134105.0ta100219s1994 dr 000 0 spa d aDO-SdBNPbspacBNPHUerda aspa 4a342.729302bR426con 19942221 aRepública Dominicana.944713aConstitución (1994)10aConstitución política de la República Dominicana :bproclamada el 14 de agosto de 1994. aSanto Domingo, República Dominicana :b[s.n.],c1994. a85 páginas ;c14 cm. atextobtxt2rdacontent  asin mediación bn2rdamedia  avolumen bnc2rdacarrier  aInventariado, 2018/MFF 4aRepública DominicanaxConstitución, 1994935348 4aRepública DominicanaxDerecho Constitucional99303 aValidado. Control de calidad MFF 2ddccLBS1 00102ddc51708PDaBNPHUbBNPHUcHDd2011-07-12l0oBNPHU PD 342.729302 R426con 1994p32024-10r2020-06-25w2020-06-25yLBS1ZNo se presta c31515d31515